[Event "Fouesnant op 14th"]
[Site "Fouesnant"]
[Date "2008.10.29"]
[Round "6"]
[White "Maisonneuve, Lionel"]
[Black "Roussel, Stephane"]
[Result "1-0"]
[WhiteElo "1654"]
[BlackElo "1499"]
[PlyCount "53"]
[EventDate "2008.10.25"]
[EventType "swiss"]
[EventRounds "9"]
[EventCountry "FRA"]
[SourceTitle "EXT 2009"]
[Source "ChessBase"]
[SourceDate "2008.11.26"]
[SourceVersion "1"]
[SourceVersionDate "2008.11.26"]
[SourceQuality "1"]

1. Nf3 Nf6 2. d4 d5 3. c4 e6 4. Bg5 Bb4+ 5. Nc3 h6 6. Bh4 dxc4 7. e3 Bxc3+ 8. bxc3 Qd5 9. Qa4+ Bd7 10. Qxc4 Nc6 11. Bxf6 gxf6 12. Qxd5 exd5 13. Be2 Na5 14. 0-0 0-0-0 15. Nd2 f5 16. Nb3 b6 17. Ba6+ Kb8 18. Nxa5 Rdg8 19. Rab1 Rg6 20. c4 c5 21. cxd5 Rhg8 22. g3 f4 23. Nc6+ Ka8 24. Ne7 Bh3 25. Rfc1 Rxg3+ 26. hxg3 Bf5 27. Nxf5 1-0